Observationes Miscellaneae, oder Vermischte Gedanken über allerhand theologische, politische, historische und andere zur Antiquität und Ausführung der Historie der Gelehrsamkeit dienende curieuse Materien, nebst einem Anhange von neuen Büchern dritter Theil

Bibliographic Details
Main Author: Koch, Johann Christoph (Author)
Corporate Author: Grosse Johann Erben (Lipsko, Nemecko) (Printer)
Format: Book
Language:German
Latin
PhysicalDescription:2 nečíslované strany, strany 155 - 245, 3 nečíslované strany ilustrácie 8°
Published: Leipzig bey Johann Grotzens Erben 1712
Subjects:

MARC

LEADER 00000nam a2200000 4500
001 vtls012284260
003 SK-MaSNL
005 20260301110348.0
008 250924s1712 gw a f 000 0 ger
015 |a SNBHFA 
040 |a SNKHF  |b slo  |c SNKHF  |e rda 
041 0 |a lat 
044 |a gw  |c DE 
072 7 |a 94(3)  |x Dejiny krajín starovekého sveta  |2 konspekt 
080 |a 32  |2 2011 
080 |a 94(3)  |2 2011 
080 |a 2-1  |2 2011 
080 |a 93/94  |2 2011 
100 1 |a Koch, Johann Christoph  |4 aut  |9 374146 
245 1 3 |a Observationes Miscellaneae, oder Vermischte Gedanken über allerhand theologische, politische, historische und andere zur Antiquität und Ausführung der Historie der Gelehrsamkeit dienende curieuse Materien, nebst einem Anhange von neuen Büchern  |n dritter Theil 
264 1 |a Leipzig  |b bey Johann Grotzens Erben  |c 1712 
300 |a 2 nečíslované strany, strany 155 - 245, 3 nečíslované strany  |b ilustrácie  |c 8° 
336 |a text  |b txt  |2 rdacontent 
337 |a bez média  |b n  |2 rdamedia 
338 |a zväzok  |b nc  |2 rdacarrier 
500 |a Signet, vinety, vlysy, ozdobná iniciálka na 5 riadkov 
501 |a Príväzok 2. k: KOCH, Johann Christoph. Observationes Miscellaneae. Der Erste Theil. Leipzig: bey Johann Grotzens Erben, 1715. 8°.  |5 SNK ID 103935 
504 |a Poznámky pod čiarou, kustody 
546 |a Latinčina  |b Kurzíva 
650 0 7 |a politika  |2 SNKPH  |9 968 
650 0 7 |a starovek  |2 SNKPH  |9 4258 
650 0 7 |a dejiny  |2 SNKPH  |9 3825 
650 0 7 |a teológia  |2 SNKPH  |9 1814 
710 0 |a Grosse Johann Erben (Lipsko, Nemecko)  |4 prt  |9 374147 
752 |a Nemecko  |d Lipsko 
852 |a snk  |b Zaiova knižnica  |p ID 103935/prív.2 
958 |a DD 
958 |a ONDV 
999 |c 703021  |d 704951 
952 |t Zay 12387; Z 14040  |a SNK  |b SNK  |c SNK_HF  |y PREZ  |7 0  |p 17A1568422  |o snkID 103935/prív.2  |i snk2025/15056  |8 5  |0 0  |1 0  |4 0  |d 2025-09-24  |l 0  |r 2026-02-23 21:05:03  |w 2026-02-23